Magnetism and metallurgy /

Bibliographic Details
Other Authors: Berkowitz, Ami E., 1926-, Kneller, Eckart
Format: Book
Language:English
Published: New York : Academic Press, 1969.
Subjects:

MARC

Tag First Indicator Second Indicator Subfields
LEADER 00000cam a2200000 4500
001 in00000307378
005 20151010143815.0
008 700311s1969 nyua b 00000 eng
010 |a  69013488  
035 |a (OCoLC)00058414 
035 |9 ABH5803AM 
040 |a DLC  |c DLC  |d TXA  |d UtOrBLW 
049 |a TXAM  |v 1 [530382]  |v 2 [530383] 
050 0 0 |a QC753  |b .M24 
082 0 |a 538/.3 
245 0 0 |a Magnetism and metallurgy /  |c Edited by Ami E. Berkowitz [and] Eckart Kneller. 
264 1 |a New York :  |b Academic Press,  |c 1969. 
300 |a 2 volumes (838 pages) :  |b illustrations ;  |c 24 cm. 
336 |a text  |b txt  |2 rdacontent 
337 |a unmediated  |b n  |2 rdamedia 
338 |a volume  |b nc  |2 rdacarrier 
504 |a Includes bibliographies. 
650 0 |a Magnetism. 
650 0 |a Physical metallurgy. 
700 1 |a Berkowitz, Ami E.,  |d 1926- 
700 1 |a Kneller, Eckart. 
999 |a MARS 
999 f f |s 1d16dba4-56bd-3d53-9310-b87877f9dac4  |i 628679db-4218-3596-9f70-9e63a89586c7  |t 0 
952 f f |p ric  |a Texas A&M University  |b Rellis Campus  |c Joint Library Facility  |s JLF  |d Remote Storage  |t 0  |e QC753 .M24  |h Library of Congress classification  |i unmediated -- volume  |k v.2  |m A14804644900 
952 f f |p ric  |a Texas A&M University  |b Rellis Campus  |c Joint Library Facility  |s JLF  |d Remote Storage  |t 0  |e QC753 .M24  |h Library of Congress classification  |i unmediated -- volume  |k v.1  |m A14804644918 
998 f f |a QC753 .M24  |s v.1-v.2  |t 0  |l Remote Storage